| 000 | 00756nam a2200253 i 4500 | ||
|---|---|---|---|
| 001 | bg | ||
| 100 | 1 | _aRutkowska, Jarosława. | |
| 245 | 1 | 0 |
_aPrzewodnik do ćwiczeń z chemii żywności / _cJarosława Rutkowska. |
| 260 |
_aWarszawa : _bWydawnictwo SGGW, _c2008. |
||
| 300 |
_a137 s. : _bil. ; _c24 cm. |
||
| 504 | _aBibliogr. przy rozdz. | ||
| 650 | 9 |
_aŻywność _xchemia |
|
| 655 | _aĆwiczenia i zadania dla szkół wyższych | ||
| 015 | _aPB 29329/2008 | ||
| 020 | _a9788375830187 | ||
| 040 | _cBPK | ||
| 041 | _apol | ||
| 044 | _aPOL | ||
| 080 | _a664:543](075.8)(076) | ||
| 920 | _a978-83-7583-018-7 | ||
| 942 | _cKS | ||
| 008 | 081120s2008 pl a |000 0 pol | ||
| 999 |
_c56053 _d56053 |
||
| 856 |
_uhttp://koha.tu.koszalin.pl/cgi-bin/koha/opac-detail.pl?biblionumber=56053 _yKatalog online BPK |
||